000 00676nam a2200241Ia 4500
003 OSt
005 20220918182439.0
006 a|||||r|||| 00| 0
007 ta
008 220917b |||||||| |||| 00| 0 eng d
024 _a32,517
037 _cTextual
040 _aARTS
_cARTS
_beng
041 _2eng
_aeng
082 _aO111,3N06:g, K5
100 _aFederman Raymond
_960300
245 0 _aJourney to Chaos
_b Samuel Beckeits early fiction
260 _aBerkeley
_bUniv Of California Press
_c1965
300 _ax,243p.
_ccm.
650 _aENGLISH LITERATURE
942 _hO111,3N06:g, K5
_cTEXL
_2CC
999 _c168990
_d168990